20th Century Literature Characters Match-up Quiz Stats

 Plays Quiz Updated Jun 30, 2014

Support Sporcle.
Go Orange.
Score 0/24 Timer 04:00
0 Plays Today
% Correct
Hannibal
97.2%
Atticus
96.3%
Scarlett
95.6%
Frodo
94.6%
Jay
88.4%
Holly
85.2%
Holden
84.7%
Hercule
81.9%
Yuri
75.8%
Clarissa
60.6%
Lennie
55%
Leopold
48.6%
% Correct
Randle
45.4%
Aureliano
43.8%
Augie
39.6%
Ford
39.2%
Saleem
38.1%
Gregor
36.9%
Esteban
36.8%
Milo
33.9%
Ender
32.7%
Esther
26.5%
Milkman
17.1%
Pecola
11.8%

You're not logged in!

Compare scores with friends on all Sporcle quizzes.
OR
Log In

From the Vault

Famous Movie Quotes... Almost

by WindSword

These are the quotes that don't get the glory.
Remove Ads.
Support Sporcle.
Get the best of Sporcle when you Go Orange. This ad-free experience offers more features, more stats, and more fun while also helping to support Sporcle. Thank you for becoming a member.

Show Comments

Extras

Top Quizzes Today


Score Distribution

Your Account Isn't Verified!

In order to create a playlist on Sporcle, you need to verify the email address you used during registration. Go to your Sporcle Settings to finish the process.

Report this User

Report this user for behavior that violates our Community Guidelines.

Details: